Orange Juice by Noah Kahan - Lyrics Quiz - Statistics

General Stats
  • This quiz has been taken 1,364 times
    1,315 since last reset
  • The average score is 262 of 324
Answer Stats
Answer % Correct
i
99%
juice
99%
orange
99%
the
99%
a
98%
in
98%
you
98%
for
97%
kitchen
97%
children
96%
go?
96%
so
96%
there
96%
it
95%
your
95%
and
94%
come
94%
on
94%
on?
94%
there's
94%
we
94%
if
93%
it's
93%
want
93%
gone
92%
"mmm"
92%
over
92%
where
92%
bought
91%
no
91%
to
91%
yours
91%
honey
90%
just
90%
one
89%
slower
89%
sober
89%
glad
88%
got
88%
party's
88%
could
87%
know
87%
will
87%
visit
86%
my
85%
we're
85%
changed
84%
has
83%
heart
82%
long
82%
said
82%
tempt
82%
home
81%
as
80%
been
78%
soul
77%
ask
76%
that
76%
i've
75%
didn't
74%
drank
73%
like
73%
months
73%
six
73%
you'd
71%
feels
70%
haven't
70%
why'd
70%
think
69%
dot
68%
pass
68%
ready
66%
face
65%
not
62%
strange
61%
i'm
60%
now
59%
now?
59%
life
58%
me
58%
back
56%
see
54%
anger
53%
finger
53%
hold
53%
'02
52%
but
52%
crash
52%
filled
52%
asked
51%
down
51%
down?
51%
nick
51%
through
51%
with
51%
from
50%
made
50%
out
50%
world
50%
carried
49%
stranger
49%
third
49%
lawn
48%
went
48%
lineup
47%
passed
47%
don't
46%
find
46%
ahead
45%
are
45%
lord
45%
had
44%
savior
44%
time
44%
graves
42%
last
42%
this
42%
town
41%
all
40%
was
40%
our
38%
ground
36%
put
34%
those
34%
say
33%
pulling
32%
bones
29%
crows
29%
i'd
25%
No matching quizzes found
Score Distribution
Percent of People with Each Score
Percentile by Number Answered
Your Score History
You have not taken this quiz since the last reset